| 000 | 01050nam0a2200301 4500 | ||
|---|---|---|---|
| 001 | RU\NLR\BIBL_A\022586962 | ||
| 005 | 20260420050951.0 | ||
| 010 |
_a978-5-907526-90-7 _924 |
||
| 021 |
_aRU _bКН-П-25-030514 _9КН-П-25-3014 |
||
| 035 | _a(NLR Aleph) 022586962 | ||
| 090 |
_a13678446 _c13678446 |
||
| 100 | _a20250717d2025 u y0rusy50 ca | ||
| 101 | 0 | _arus | |
| 102 | _aRU | ||
| 105 | _ay z 000yy | ||
| 181 | 0 |
_ai _baxxe |
|
| 182 | 0 | _an | |
| 200 | 1 |
_aСборник трудов по обществознанию _fС. В. Шмойлов |
|
| 203 |
_aТекст _bвизуальный _cнепосредственный |
||
| 210 |
_aОмск _cКАН _d2025 |
||
| 215 |
_a147 с. _d22 |
||
| 606 | 1 |
_aОбществоведение _jСборники _91764031 _3RU\NLR\AUTH\66791493 |
|
| 686 | 1 | _aС.я44 | |
| 700 | 1 |
_7ca _8rus _aШмойлов _bС. В. _gСергей Витальевич _9117692 _3RU\NLR\AUTH\777761 |
|
| 942 | _cBOOK | ||
| 980 | _aNB | ||